American Countries NOT in Latin America - Statistics

General Stats
  • This quiz has been taken 188 times
  • The average score is 13 of 15
Answer Stats
Hint Answer % Correct
English Canada
97%
English United States
97%
English Bahamas
87%
English Jamaica
86%
English Barbados
85%
English Belize
85%
Dutch Suriname
85%
English Saint Kitts and Nevis
84%
English Saint Lucia
84%
English Antigua and Barbuda
83%
English Saint Vincent and the Grenadines
83%
English Trinidad and Tobago
83%
English Guyana
82%
English Dominica
80%
English Grenada
80%
No matching quizzes found
Score Distribution
Percent of People with Each Score
Percentile by Number Answered
Your Score History
You have not taken this quiz